Integrated coastal zone management
Αποθηκεύτηκε σε:
| Μορφή: | Βιβλίο |
|---|---|
| Γλώσσα: | Undetermined |
| Έκδοση: |
Oxford
Blackwell
2009
|
| Θέματα: | |
| Ετικέτες: |
Προσθήκη ετικέτας
Δεν υπάρχουν, Καταχωρήστε ετικέτα πρώτοι!
|
| Thư viện lưu trữ: | Trung tâm Học liệu Trường Đại học Cần Thơ |
|---|
| LEADER | 00551nam a2200181Ia 4500 | ||
|---|---|---|---|
| 001 | CTU_172325 | ||
| 008 | 210402s9999 xx 000 0 und d | ||
| 020 | |c 5622320 | ||
| 082 | |a 333.917 | ||
| 082 | |b I.61 | ||
| 245 | 0 | |a Integrated coastal zone management | |
| 245 | 0 | |c Edited by Erlend Moksness, Einar Dahl and Josianne Støttrup | |
| 260 | |a Oxford | ||
| 260 | |b Blackwell | ||
| 260 | |c 2009 | ||
| 650 | |a Coastal zone management,Quản lý vùng ven biển | ||
| 904 | |i mai, Hải | ||
| 980 | |a Trung tâm Học liệu Trường Đại học Cần Thơ | ||